000 01753nam0a2200349 4500
001 RU\NLR\bibl\888948
005 20260607045239.0
010 _a5-699-12663-5
_94000
021 _aRU
_b2005-62156
_93050
035 _a(nilc)RSL-KNO-002714878
035 _a(NLR Aleph) 000877465
090 _a1637831
_c1637831
100 _a20050927d2005 |||y0rusy50 ca
101 1 _arus
_ceng
102 _aRU
105 _aa |||||||||
106 _ar
200 1 _aСлужитель египетских богов
_fЧелси Куин Ярбро
_g[пер. с англ. Е. Коротнян
_gхудож. Ирина Жмайлова]
210 _aСПб.
_cДомино
_aМ.
_cЭксмо
_d2005
_gАООТ Твер. полигр. комб.
215 _a539, [2] с.
_cил., карт.
_d21
225 1 _aМистика
_fсост. Александр Жикаренцев
225 1 _aВампир Сен-Жермен
610 0 _aилологические науки . Художественная литература -- США -- Американская литература -- с 1945 г. -- Произведения художественной литературы -- Художественная проза -- Романы. Повести. Рассказы -- Фантастические и мистические романы, повести, рассказы. Романы ужасов
686 _aШ5(7США)62-644.5
_2rubbk
686 _aШ6(7США)67-445{Лх1979-62}
700 1 _4070
_7ca
_8rus
_aЯрбро
_bЧ. К.
_gЧелси Куинн
_97901
_3RU\NLR\auth\7724851
801 0 _aRU
_bRuMoRKP
_c20050927
_grcr
801 1 _aRU
_bRuMoRGB
_c20050927
801 2 _aRU
_bNLR
_c20051215
_grcr
942 _cBOOK
980 _aNB